| 000 | 00583nam a2200229Ia 4500 | ||
|---|---|---|---|
| 003 | OSt | ||
| 005 | 20250705155651.0 | ||
| 008 | 210423s2005 xx 000 0 und d | ||
| 020 | _a761940847 | ||
| 040 | _cAL | ||
| 041 | _aEnglish | ||
| 082 |
_a070.13 _bLOUM |
||
| 100 |
_aEric Louw _978958 |
||
| 245 | _aMedia and political process | ||
| 260 |
_aNew Delhi _bSage Publications _c2005 |
||
| 300 |
_avi,311p. _bPB _c23x 14.5cm. |
||
| 365 |
_b1803 _cINR |
||
| 650 |
_aGeneral _978959 |
||
| 650 |
_aMass Media _978960 |
||
| 906 | _aMedia ; political ; process | ||
| 942 |
_2ddc _cBK |
||
| 999 |
_c156218 _d156218 |
||